000
00215 a2200097 4500
001
1001
100
_a
Huxley,L.G.H.
245
_a
Principles & practice of wave guide
260
_a
_b
Cambridge
_c
090
_c
574
_d
574
942
_a
NUST-CAE
_c
M
_c
32200
999
_c
236074
_d
236074